Statistics for Rhymes with Dog

Click here to take the quiz!

General Stats

  • This quiz has been taken 144 times
    (143 since last reset)
  • The average score is 15 of 16

Answer Stats

First LetterAnswer% Correct
BBog
100%
HHog
100%
JJog
100%
LLog
100%
NNog
99%
FFog
97%
TTog
95%
CCog
94%
BBlog
92%
CClog
92%
FFrog
92%
FFlog
90%
GGrog
87%
SSlog
85%
VVlog
78%
SSmog
69%

Score Distribution

Percentile by Number Answered

Percent of People with Each Score

Your Score History

You have not taken this quiz since the last reset